|
|
|
|
| LEADER |
00000nam a2200000 a 4500 |
| 001 |
vtls001289054 |
| 003 |
SK-MaSNL |
| 005 |
20260301004518.0 |
| 008 |
240315s1996 bw aa r y 0 rus |
| 015 |
|
|
|a SNBZSA1997-00268
|
| 035 |
|
|
|a SNK000240669
|
| 040 |
|
|
|a SNK
|b slo
|c SNK
|e AACR2
|
| 041 |
0 |
|
|a rus
|
| 044 |
|
|
|a bw
|c BY
|
| 080 |
|
|
|a 37(4-191.2)(4-11)=82
|2 1981
|
| 100 |
1 |
|
|a Andrejev, V. I.
|4 aut
|9 287437
|
| 245 |
1 |
|
|a Reformy sistem obrazovanija v postkommunističeskich stranach Jevropy
|c V.I. Andrejev, V.A. Stepanov
|
| 260 |
|
|
|a Minsk
|b Nacional'nyj institut obrazovanija
|c 1996
|
| 300 |
|
|
|a 168 s.
|b tab.
|c 20 cm
|
| 500 |
|
|
|a 300 výt.
|
| 504 |
|
|
|a Bibliogr. s. 105-110
|
| 505 |
0 |
|
|a Obsahuje aj: Transformacija struktury i soderžanija obrazovanija v Slovackoj Respublike, s. 90-100
|
| 650 |
0 |
7 |
|a vzdelávanie
|x organizácia
|z Európa stredná
|z Európa východná
|x príručky
|2 SNK
|9 287438
|
| 700 |
1 |
|
|a Stepanov, V. A.
|4 aut
|9 287439
|
| 740 |
0 |
2 |
|a Transformacija struktury i soderžanija obrazovanija v Slovackoj Respublike
|
| 958 |
|
|
|a ZS
|
| 958 |
|
|
|a TL
|
| 958 |
|
|
|a NB
|
| 999 |
|
|
|c 542349
|d 544279
|
| 952 |
|
|
|t P60, <03>, [BOOK], {603}
|a SNK
|b SNK
|y PREZ
|7 0
|p 17A0066056
|o snkSD 68612
|i snkV 1270/97
|0 0
|1 0
|4 0
|d 1997-06-03
|l 0
|r 2005-01-02 00:00:00
|w 2026-02-23
|